Bilecik Bilecik Bilecik Bilecik Bilecik

Et-Tibyan fi i'rabi'l-Kur'an/ (Record no. 63698)

MARC details
000 -BAŞLIK
Sabit Uzunluktaki Kontrol Alanı 00838nam a22002657a 4500
001 - KONTROL NUMARASI
Control Dosyası 0063902
003 - KONTROL NUMARASI KİMLİĞİ
Kontrol Alanı KOHA_MİRAKIL
005 - EN SON İŞLEM TARİHİ ve ZAMANI
Kontrol Alanı 20260207004451.0
007 - FİZİKSEL TANIM SABİT ALAN - GENEL BİLGİ
Sabit uzunluklu kontrol alanı ta
008 - SABİT UZUNLUKTAKİ VERİ ÖGELERİ - GENEL BİLGİ
Sabit Alan 190304b xx |||gr||||#||||0|ara |
040 ## - KATALOGLAMA KAYNAĞI
Özgün Kataloglama Kurumu TR-BiSEU
Kataloglama Dili tur
Çeviri Kurumu TR-BiSEU
Açıklama Kuralları rda
041 0# - DİL KODU
Metin ya da ses kaydının dil kodu ara
050 ## - SINIFLAMA ve YER NUMARASI
Sınıflama Numarası BP130.4
Yer Numarası .U33 [t.y.]
100 0# - KİŞİ ADI
Yazar Adı (Kişi adı) Ebu'l Beka Abdullah b. el-Huseyn el-Ukberi.
245 13 - ESER ADI BİLDİRİMİ
Başlık Et-Tibyan fi i'rabi'l-Kur'an/
Sorumluluk Bildirimi Ebu'l Beka Abdullah b. el-Huseyn el-Ukberi ; Ebu'l Beka Abdullah b. el-Huseyn el-Ukberi .
264 #1 - ÜRERİM, YAYIN, DAĞITIM ve TELİF BİLDİRİMİ
Yayın yeri Beyrut :
Yayınlayan Darul Kütübil ilmiyye
Yayın tarihi [t.y.]
300 ## - FİZİKSEL TANIMLAMA
Sayfa, Cilt vb. c.; 25 cm.
336 ## - İÇERİK TÜRÜ
Content type term metin
Content type code txt
Source rdacontent
337 ## - MEDYA TÜRÜ
Media type term aracısız
Media type code n
Source rdamedia
338 ## - TAŞIYICI TÜRÜ
Carrier type term cilt
Carrier type code nc
Source rdacarrier
650 #0 - KONU BAŞLIĞI EK GİRİŞ - KONU TERİMİ
Konusal terim veya coğrafi ad Din
9 (RLIN) 23404
650 #0 - KONU BAŞLIĞI EK GİRİŞ - KONU TERİMİ
Konusal terim veya coğrafi ad İslam dini
9 (RLIN) 34162
650 #0 - KONU BAŞLIĞI EK GİRİŞ - KONU TERİMİ
Konusal terim veya coğrafi ad Tefsir ve tefsir ilmi
9 (RLIN) 63475
942 ## - EK GİRİŞ ÖGELERİ (KOHA)
Source of classification or shelving scheme Library of Congress Classification
Koha item type Book
Holdings
Materyal Türü Kalıcı Konum Mevcut Konum Raf Yeri Koleksiyon Kodu Sınıflandırma Kaynağı Edinim Bilgisi Ana Konular Alt Konular Yer Numarası Cilt Bilgisi Demirbaş Numarası Fatura Tarihi Geri Çekilme Durumu Kayıp Durumu Hasarlı Durumu Kredi için değil Kayıt Tarih Toplam Ödünçverme Son Görülme Tarihi Son Kontrol Tarihi Genel / Bağış Notu
Book Prof. Dr. Azmi Özcan Kütüphanesi Prof. Dr. Azmi Özcan Kütüphanesi Uluğbey Salonu Özel Library of Congress Classification Bağış FELSEFE, PSİKOLOJİ, DİN İslam, Bahailik, Teozofi vb. BP130.4 .U33 [t.y.] c.1 0063902 02/02/2026       Ödünç verilmez 04/03/2019   14/11/2025 14/11/2025 Genel Bağış
Book Prof. Dr. Azmi Özcan Kütüphanesi Prof. Dr. Azmi Özcan Kütüphanesi Uluğbey Salonu Özel Library of Congress Classification Bağış FELSEFE, PSİKOLOJİ, DİN İslam, Bahailik, Teozofi vb. BP130.4 .U33 [t.y.] c.2 0063903 02/02/2026       Ödünç verilmez 04/03/2019   14/11/2025 14/11/2025 Genel Bağış